[Event "Kuala Lumpur Arena op"]
[Site "Kuala Lumpur"]
[Date "2015.11.14"]
[Round "3"]
[White "Kwan, Penz Penz Pearl"]
[Black "Lim, Jeng Hien"]
[Result "1-0"]
[WhiteElo "1426"]
[BlackElo "1275"]
[PlyCount "79"]
[EventDate "2015.11.13"]
[EventType "swiss"]
[EventRounds "7"]
[EventCountry "MAS"]
[SourceTitle "EXT 2017"]
[Source "ChessBase"]
[SourceDate "2016.10.25"]
[SourceVersion "1"]
[SourceVersionDate "2016.10.25"]
[SourceQuality "1"]

1. e4 e5 2. d4 exd4 3. Qxd4 d6 4. Nc3 Nc6 5. Qd1 Nf6 6. f4 Bg4 7. Nf3 Bxf3 8. Qxf3 Qd7 9. h3 0-0-0 10. Be3 Nb4 11. Bd3 h6 12. a3 Nxd3+ 13. cxd3 Qe6 14. 0-0 Qb3 15. Rab1 d5 16. Nxd5 Nxd5 17. exd5 Qxd3 18. Rfd1 Qb5 19. b4 Be7 20. Qg4+ Kb8 21. Qxg7 Rhg8 22. Qd4 b6 23. Rbc1 Qe2 24. Bf2 Bh4 25. Rd2 Qf3 26. Bxh4 Qxh3 27. Bxd8 Rxg2+ 28. Rxg2 Qxa3 29. Bxc7+ Kb7 30. d6 Qxc1+ 31. Kh2 Qc6 32. d7 Qxc7 33. d8Q Qxd8 34. Qxd8 Ka6 35. Ra2+ Kb5 36. Qd5+ Kxb4 37. Rxa7 f5 38. Rb7 b5 39. Rxb5+ Ka3 40. Qb3# 1-0